000 00363nam a22001457a 4500
999 _c8925
_d8925
003 GBCCL
005 20241126110701.0
008 220201b ||||| |||| 00| 0 eng d
040 _cgbc
082 _aSOU PHA
_b2021
245 _aEBCC D Phailian diamond jubilee 19611-2021 souvenir
260 _aD Phailian:
_bEBCC,
_c2021
300 _a256p. ;
942 _2ddc
_cARCH